Arabian nights for children (Record no. 1083326)

MARC details
000 -LEADER
fixed length control field 00488nam a2200193Ia 4500
008 - FIXED-LENGTH DATA ELEMENTS--GENERAL INFORMATION
fixed length control field 151119s9999||||xx |||||||||||||| ||und||
082 ## - DEWEY DECIMAL CLASSIFICATION NUMBER
Classification number 28.5
082 ## - DEWEY DECIMAL CLASSIFICATION NUMBER
Item number GKKV31000
100 ## - MAIN ENTRY--PERSONAL NAME
Personal name "Venugopal, jayashree"
245 ## - TITLE STATEMENT
Title Arabian nights for children
260 ## - PUBLICATION, DISTRIBUTION, ETC. (IMPRINT)
Place of publication, distribution, etc --
260 ## - PUBLICATION, DISTRIBUTION, ETC. (IMPRINT)
Name of publisher, distributor, etc --
260 ## - PUBLICATION, DISTRIBUTION, ETC. (IMPRINT)
Date of publication, distribution, etc 2008
600 ## - SUBJECT ADDED ENTRY--PERSONAL NAME
Personal name "Venugopal, jayashree"
630 ## - SUBJECT ADDED ENTRY--UNIFORM TITLE
Uniform title Arabian nights for children
700 ## - ADDED ENTRY--PERSONAL NAME
Personal name "Venugopal, jayashree"
730 ## - ADDED ENTRY--UNIFORM TITLE
Uniform title Arabian nights for children
942 ## - ADDED ENTRY ELEMENTS (KOHA)
Koha item type Book
Holdings
Withdrawn status Lost status Damaged status Not for loan Home library Current library Date acquired Cost, normal purchase price Total Checkouts Full call number Barcode Date last seen Cost, replacement price Price effective from Koha item type
        G.K. Khandekar Vachanalaya, Mulund G.K. Khandekar Vachanalaya, Mulund 12/22/2008 0.00   GKKV31000 GKKV31000 11/19/2015 0.00 11/19/2015 Book